000 00695nam a2200217 i 4500
001 38104
003 ES-MaACL
005 20250821111648.0
007 t|
008 030224m18761877sp ||||1| spa d
080 _a929 Felipe (460) II
080 _a929 Felipe (460) II
100 1 _aCabrera de Córdoba, Luis,
_d1559-1623
_933308
245 1 0 _aFelipe segundo
_b: Rey de España /
_cLuis Cabrera de Córdoba.
260 _aMadrid :
_b[s.n.],
_c1876-77 (
_fAntau y Comp.)
300 _a4 v. ;
_c31 cm.
600 0 4 _aFelipe
_bII,
_cRey de España
_949175
651 4 _aEspaña-
_xHistoria-
_y1556-1598, Felipe II.
_98218
852 _aES-MaACL
_jB-1479-82
999 _c38104
_d38104